中国离婚率最高/低的省区 Provinces with highest/lowest divorce rates - Statistics

General Stats
  • This quiz has been taken 89 times
  • The average score is 10 of 14
Answer Stats
离婚率‰ % Correct
最少 1.23 上海
95%
最少 1.46 广东
88%
最多 2.59 四川
84%
最多 2.60 黑龙江
81%
最少 1.60 浙江
76%
最多 2.79 重庆
75%
最多 2.54 新疆
75%
最多 2.52 吉林
75%
最少 1.26 西藏
74%
最少 1.64 山西
64%
最多 2.95 天津
58%
最少 1.64 甘肃
56%
最多 3.12 贵州
51%
最少 1.48 海南
38%
No matching quizzes found
Score Distribution
Percent of People with Each Score
Percentile by Number Answered
Your Score History
You have not taken this quiz